[Event "Titled Tue 10th Jun Late"]
[Site "chess.com INT"]
[Date "2025.06.10"]
[Round "2"]
[White "Krzywda, Andrzej"]
[Black "Garcia, Angie"]
[Result "1-0"]
[WhiteTitle "CM"]
[BlackTitle "WIM"]
[WhiteElo "2175"]
[BlackElo "1996"]
[WhiteFideId "1114565"]
[BlackFideId "6702503"]
[EventDate "2025.06.10"]

1. e4 e6 2. d4 d5 3. Nc3 Bb4 4. e5 c5 5. a3 Bxc3+ 6. bxc3 Nc6 7. Qg4 Nge7 8. Nf3
Bd7 9. Bd3 Qc7 10. O-O O-O-O 11. a4 c4 12. Be2 f5 13. Qxg7 Rdg8 14. Qf6 Qd8 15.
Ba3 Rg6 16. Qh4 Rhg8 17. g3 Rg4 18. Qxh7 Rh8 19. Qf7 Rf8 20. Qh7 Rh8 21. Qf7 Rf8
22. Bxe7 Nxe7 23. Qh7 Rh8 24. Qf7 f4 25. Nd2 Rf8 26. Qh5 Rgg8 27. Qh4 Nf5 28.
Qxd8+ Kxd8 29. a5 fxg3 30. hxg3 Rg7 31. Bf3 Rh8 32. Bg2 Ke7 33. Rab1 Bc8 34. a6
b6 35. Rb4 Rf8 36. Nf3 Kd8 37. Rfb1 Kc7 38. Nd2 Bd7 39. R1b2 Rgf7 40. Rb1 Rg7
41. Rf1 Rgf7 42. Nb1 Rg7 43. Na3 Rgf7 44. Nb5+ Bxb5 45. Rxb5 Kc6 46. Rb4 Ng7 47.
Rxc4+ Kb5 48. Rb4+ Kxa6 49. Ra1+ Kb7 50. Rba4 Kb8 51. c4 Rxf2 52. cxd5 exd5 53.
Rxa7 1-0

[Event "Titled Tue 10th Jun Late"]
[Site "chess.com INT"]
[Date "2025.06.10"]
[Round "2"]
[White "Lin, Bryan Enming"]
[Black "Ghimoyan, Narek"]
[Result "0-1"]
[WhiteTitle "FM"]
[BlackTitle "CM"]
[WhiteElo "2343"]
[BlackElo "2273"]
[WhiteFideId "30987121"]
[BlackFideId "13315412"]
[EventDate "2025.06.10"]

1. Nf3 Nf6 2. g3 d5 3. Bg2 e6 4. O-O Be7 5. d3 O-O 6. Nbd2 a5 7. a4 Nc6 8. e4
dxe4 9. dxe4 e5 10. c3 Be6 11. Qe2 Nd7 12. Nc4 f6 13. Rd1 Qe8 14. Ne3 Qf7 15.
Nd5 Bd6 16. Nd2 Nb6 17. Nf1 Rfd8 18. Be3 Nd7 19. Qb5 Rab8 20. Nd2 Bg4 21. Re1
Ne7 22. Nc4 Nxd5 23. exd5 b6 24. b4 axb4 25. cxb4 Qh5 26. Nxd6 cxd6 27. Qc6 Bf3
28. Qxd6 Nc5 29. Qc6 Nd3 30. Reb1 Bxg2 31. Kxg2 e4 32. Qe6+ Kh8 33. Qxe4 Rxd5
34. g4 Qf7 35. Rd1 Rbd8 36. Kg1 h5 37. h3 hxg4 38. hxg4 Re5 39. Qh1+ Kg8 40.
Bxb6 Rde8 41. Be3 Nxb4 42. Rac1 Nd5 43. Bd4 Re4 44. Qf3 Qg6 45. Kf1 Nf4 46. Be3
Ne6 47. Qf5 Rxg4 48. Qxg6 Rxg6 49. a5 f5 50. a6 f4 51. Bb6 f3 52. Rb1 Rh6 53.
Kg1 Nf4 54. Rd4 Ne2+ 55. Kf1 Rh1# 0-1

[Event "Titled Tue 10th Jun Late"]
[Site "chess.com INT"]
[Date "2025.06.10"]
[Round "2"]
[White "Antoniou, Rafail"]
[Black "Materia, Marco"]
[Result "0-1"]
[WhiteTitle "CM"]
[BlackTitle "IM"]
[WhiteElo "2134"]
[BlackElo "2489"]
[WhiteFideId "5904390"]
[BlackFideId "45150451"]
[EventDate "2025.06.10"]

1. e4 d6 2. d4 Nf6 3. Nc3 g6 4. Be3 Bg7 5. Qd2 c6 6. Nf3 Nbd7 7. Bd3 e5 8. O-O
Ng4 9. Bg5 Bf6 10. Bxf6 Ngxf6 11. dxe5 dxe5 12. Bc4 O-O 13. Rad1 Qe7 14. Qd6
Qxd6 15. Rxd6 Ne8 16. Rd2 Kg7 17. Rfd1 Nb6 18. Bb3 Bg4 19. Rd3 Nf6 20. h3 Bxf3
21. Rxf3 Rfd8 22. Rfd3 Rxd3 23. Rxd3 a5 24. a3 Kf8 25. g3 Ke7 26. f4 exf4 27.
gxf4 Nh5 28. Ne2 a4 29. Ba2 Nd7 30. Kf2 Nc5 31. Rd4 b5 32. Ke3 Re8 33. c4 Ne6
34. Rd2 bxc4 35. Bxc4 Nc5 36. Nd4 Kf8 37. e5 f6 38. Nxc6 fxe5 39. fxe5 Rc8 40.
Rf2+ Kg7 41. Rf7+ Kh6 42. Bd5 Ng7 43. Kd4 Nce6+ 44. Bxe6 Nxe6+ 45. Kd5 Ng5 46.
Rf4 Ra8 47. e6 Kg7 48. e7 Nxh3 49. Rf3 Ng5 50. Nd8 Ra5+ 51. Kd6 Ra6+ 52. Kd5
Ra5+ 53. Kd6 Ra6+ 54. Kd7 Ra7+ 55. Kd6 Rxe7 56. Rf4 Re4 57. Rxe4 Nxe4+ 58. Ke5
Nc5 59. Nc6 h5 60. Kd5 Nd3 61. Kd4 Nxb2 62. Kc3 Nd1+ 63. Kb4 h4 64. Nd4 h3 65.
Nf3 g5 66. Kxa4 g4 67. Nh4 Kf6 0-1

[Event "Titled Tue 10th Jun Late"]
[Site "chess.com INT"]
[Date "2025.06.10"]
[Round "2"]
[White "Asish Panda"]
[Black "Bhatia, Kanishka"]
[Result "0-1"]
[BlackTitle "WCM"]
[WhiteElo "1911"]
[BlackElo "1965"]
[WhiteFideId "45012458"]
[BlackFideId "2410095"]
[EventDate "2025.06.10"]

1. e4 e5 2. Nf3 d6 3. d4 Nd7 4. Nc3 Be7 5. g3 Ngf6 6. Bg2 c6 7. O-O Qc7 8. h3 h6
9. Be3 Nf8 10. Qd2 g5 11. Nh2 Ng6 12. Kh1 Bd7 13. f4 exf4 14. gxf4 gxf4 15. Bxf4
Nh5 16. Ne2 Ngxf4 17. Nxf4 Ng3+ 18. Kg1 Nxf1 19. Rxf1 O-O-O 20. Kh1 Bg5 21. Qf2
Kb8 22. a4 f5 23. Ne2 fxe4 24. h4 Be7 25. Bxe4 Rdf8 26. Bf3 Be6 27. Qe3 Bh3 28.
Rg1 Bxh4 29. b4 Bg5 30. Qc3 Be6 31. b5 cxb5 32. Qb4 Rxf3 33. Nxf3 Bd5 34. Rg3
Rf8 35. Ng1 bxa4 36. Qxa4 Bf4 37. Rg6 Bc6 38. Qb3 Qf7 39. Qd3 Bg5 40. Kg2 Re8
41. Rxd6 Re3 42. Qf1 Bxf3+ 43. Nxf3 Qf4 44. Rg6 Qg4+ 45. Kh2 Bf4+ 46. Kh1 Qxg6
47. Qb5 Qc6 48. Qxc6 bxc6 49. Nh4 Bg5 50. Nf5 Re1+ 51. Kg2 Rc1 52. c4 Rxc4 53.
Kf3 Rc3+ 54. Ke4 a5 0-1

[Event "Titled Tue 10th Jun Late"]
[Site "chess.com INT"]
[Date "2025.06.10"]
[Round "2"]
[White "Marchand, Calix"]
[Black "Bukreev, Stanislav"]
[Result "0-1"]
[BlackTitle "FM"]
[WhiteElo "2108"]
[BlackElo "2305"]
[WhiteFideId "2640856"]
[BlackFideId "34252347"]
[EventDate "2025.06.10"]

1. b3 d5 2. Bb2 Nf6 3. d3 g6 4. Nf3 Bg7 5. g3 O-O 6. Bg2 c5 7. Nbd2 d4 8. e4
dxe3 9. fxe3 Nd5 10. Bxg7 Nxe3 11. Qe2 Nxg2+ 12. Qxg2 Kxg7 13. O-O-O Nc6 14. h4
h5 15. Ne4 Bg4 16. Rdf1 Nd4 17. Ne5 Qa5 18. Kb1 f5 19. Ng5 Rf6 20. Re1 Re8 21.
Kb2 Nb5 22. Nc4 Qc3+ 23. Kb1 Rc6 24. Qd5 Qf6 25. Qd7 Nc3+ 26. Ka1 Ra6 27. Ne6+
Kh6 28. a3 b5 29. Qxe8 bxc4 30. Qf8+ Qxf8 31. Nxf8 cxd3 32. cxd3 Ne2 33. Kb2 Rd6
34. Rd1 Kg7 35. Rhe1 Kxf8 36. Rd2 Nxg3 37. b4 cxb4 38. axb4 f4 39. Rf2 f3 40.
Kc3 Kf7 41. d4 Nf5 42. Re4 Nxh4 43. Rf4+ Nf5 44. b5 Kf6 45. Kc4 Kg5 46. Re4 e6
47. Kc5 Rb6 48. d5 exd5 49. Kxd5 Rxb5+ 50. Kc6 Rb1 51. Ra4 Rg1 52. Rxa7 Rg2 53.
Rf1 f2 54. Ra2 Nd4+ 55. Kd5 Be2 0-1

[Event "Titled Tue 10th Jun Late"]
[Site "chess.com INT"]
[Date "2025.06.10"]
[Round "2"]
[White "Sjugirov, Sanan"]
[Black "Nakonechnyi, Oleksii"]
[Result "1-0"]
[WhiteTitle "GM"]
[BlackTitle "CM"]
[WhiteElo "2635"]
[BlackElo "2222"]
[WhiteFideId "4189302"]
[BlackFideId "34173714"]
[EventDate "2025.06.10"]

1. c4 Nf6 2. Nc3 c5 3. g3 Nc6 4. Bg2 d6 5. e3 g6 6. Nge2 Bg7 7. d4 cxd4 8. exd4
O-O 9. O-O Bf5 10. b3 Rc8 11. d5 Nb8 12. h3 a6 13. a4 h5 14. Re1 Qd7 15. Kh2 b5
16. axb5 axb5 17. Nxb5 Nxd5 18. Ra7 Nc7 19. Ned4 Bxd4 20. Nxd4 Be6 21. Nxe6 fxe6
22. Qd3 Rf6 23. Bb2 e5 24. f4 h4 25. fxe5 dxe5 26. Bd5+ Kg7 27. Bxe5 Nc6 28.
Bxf6+ exf6 29. Raa1 Ne5 30. Qe3 Nxd5 31. cxd5 Qxd5 32. Re2 Nf3+ 33. Kg2 Ng5+ 34.
Kg1 Nf3+ 35. Kf2 Ne5 36. Rd2 Qc6 37. gxh4 Rc7 38. Ra7 Rxa7 39. Qxa7+ Kh6 40.
Qe3+ Kh5 41. b4 Kxh4 42. Qg3+ Kh5 43. Re2 Qb6+ 44. Qe3 Qxb4 45. Qe4 Qc5+ 46. Kg2
Qc3 47. Rf2 f5 48. Qd5 Nd3 49. Qf3+ Kg5 50. Qe3+ Kf6 51. Re2 1-0

[Event "Titled Tue 10th Jun Late"]
[Site "chess.com INT"]
[Date "2025.06.10"]
[Round "2"]
[White "Alekseev, Evgeny"]
[Black "Platzgummer, Fabian"]
[Result "1-0"]
[WhiteTitle "GM"]
[BlackTitle "IM"]
[WhiteElo "2520"]
[BlackElo "2293"]
[WhiteFideId "4138147"]
[BlackFideId "1617222"]
[EventDate "2025.06.10"]

1. e4 c6 2. d4 d5 3. e5 Na6 4. c3 Nc7 5. Bd3 h5 6. Ne2 g6 7. O-O Nh6 8. Nd2 Bf5
9. Nf3 Bxd3 10. Qxd3 Ne6 11. g3 Nf5 12. Kg2 Qb6 13. Ng5 Nxg5 14. Bxg5 Qa6 15.
Qxa6 bxa6 16. Rfc1 Kd7 17. Nf4 e6 18. Nd3 Rb8 19. h3 c5 20. dxc5 a5 21. b4 a4
22. g4 Ng7 23. c4 dxc4 24. Rxc4 Kc6 25. Rd4 Ne8 26. Bd8 Bg7 27. Rd1 Rb7 28. f4
hxg4 29. hxg4 g5 30. fxg5 Rg8 31. Bf6 Nc7 32. Rd6+ Kb5 33. Rd7 Kc6 34. Rxf7 Nd5
35. Rxb7 Kxb7 36. Kf3 Bf8 37. Nf4 Nc3 38. Rd2 a3 39. Nxe6 Nb1 40. Rh2 Nc3 41.
Nxf8 Rxf8 42. g6 Nd5 43. g5 Nxb4 44. g7 Rg8 45. Rh8 Rxg7 46. Bxg7 Nxa2 47. e6
Nb4 48. e7 a2 49. e8=Q Ka6 50. Qa4+ Kb7 51. Qxb4+ Kc6 52. Qe4+ Kb5 53. Ba1 Ka6
54. c6 Kb6 55. Qc4 a6 56. Rb8+ Ka5 57. Qb4# 1-0

[Event "Titled Tue 10th Jun Late"]
[Site "chess.com INT"]
[Date "2025.06.10"]
[Round "2"]
[White "Thorhallsson, Simon"]
[Black "Srihari, L R"]
[Result "0-1"]
[WhiteTitle "FM"]
[BlackTitle "IM"]
[WhiteElo "2202"]
[BlackElo "2480"]
[WhiteFideId "2310090"]
[BlackFideId "46617116"]
[EventDate "2025.06.10"]

1. e4 e5 2. Nf3 Nc6 3. Bb5 a6 4. Bxc6 dxc6 5. O-O Qd6 6. d4 exd4 7. Qxd4 Qxd4 8.
Nxd4 Bd7 9. Be3 Bd6 10. Nd2 O-O-O 11. Nc4 Be7 12. Rad1 Nf6 13. f3 c5 14. Nb3 Bb5
15. Nbd2 b6 16. Rfe1 Kb7 17. Ne5 Rhf8 18. Nf1 Bd6 19. Nd3 Nd7 20. Ng3 Bxd3 21.
Rxd3 Ne5 22. Rd5 c6 23. Rdd1 Nc4 24. Bc1 Be5 25. c3 b5 26. Nf5 g6 27. Nh6 Rxd1
28. Rxd1 Nb6 29. Be3 Bg7 30. Ng4 Na4 31. Rd7+ Kc8 32. Ra7 Kb8 33. Rd7 h5 34. Nf2
c4 35. f4 Bf6 36. e5 Bd8 37. Ne4 Bb6 38. Kf2 Bxe3+ 39. Kxe3 Nb6 40. Rd6 Kc7 41.
Nc5 a5 42. Kd4 Re8 43. Rf6 Re7 44. e6 fxe6 45. Nxe6+ Kb7 46. Rxg6 Rd7+ 47. Ke5
Rd2 48. f5 Nd7+ 49. Ke4 Rxb2 50. Rg7 Kc8 51. Nd4 b4 52. cxb4 axb4 53. h3 c3 54.
g3 c5 55. Nb3 Rxb3 56. Rxd7 Kxd7 57. axb3 c2 0-1

[Event "Titled Tue 10th Jun Late"]
[Site "chess.com INT"]
[Date "2025.06.10"]
[Round "2"]
[White "Turcsanyi, Vince Gergo"]
[Black "Halynyazov, Vepaly"]
[Result "1-0"]
[WhiteTitle "FM"]
[WhiteElo "2312"]
[BlackElo "2189"]
[WhiteFideId "791784"]
[BlackFideId "14004020"]
[EventDate "2025.06.10"]

1. e4 e6 2. d4 d5 3. Nd2 c5 4. exd5 Qxd5 5. Ngf3 cxd4 6. Bc4 Qd6 7. O-O Nf6 8.
Nb3 Nc6 9. Nbxd4 Nxd4 10. Qxd4 Qxd4 11. Nxd4 Bd7 12. c3 Rc8 13. Bb3 Be7 14. Bf4
O-O 15. Rad1 Rfd8 16. h3 h6 17. Be5 a5 18. a4 Ne4 19. Nb5 Nc5 20. Bc2 Bxb5 21.
axb5 f6 22. Bd4 Kf7 23. Rfe1 e5 24. Be3 g6 25. g4 b6 26. Kg2 Rxd1 27. Rxd1 Rd8
28. h4 Rxd1 29. Bxd1 f5 30. b4 axb4 31. cxb4 Nd7 32. Bb3+ Ke8 33. gxf5 gxf5 34.
Be6 f4 35. Bxd7+ Kxd7 36. Bxb6 Bxb4 37. Kf3 Ke6 38. Ke4 h5 39. Bc7 Be7 40. b6
Kd7 41. Bxe5 Kc6 42. Bd4 Bxh4 43. Kxf4 Bd8 44. Kg3 Be7 45. f4 Bd8 46. f5 Be7 47.
Kf4 Bd8 48. Bf2 Bf6 49. Ke4 Bg7 50. Bd4 Bf8 51. f6 h4 52. Kf4 1-0

[Event "Titled Tue 10th Jun Late"]
[Site "chess.com INT"]
[Date "2025.06.10"]
[Round "2"]
[White "Akkara, Omer"]
[Black "Forgacs, Attila Jr."]
[Result "1-0"]
[WhiteTitle "CM"]
[BlackTitle "FM"]
[WhiteElo "2036"]
[BlackElo "2264"]
[WhiteFideId "26319802"]
[BlackFideId "773654"]
[EventDate "2025.06.10"]

1. e4 e5 2. Nf3 Nc6 3. Nc3 Nf6 4. a3 d5 5. Bb5 Nxe4 6. Qe2 Qd6 7. Nxe4 dxe4 8.
Qxe4 Bd7 9. d4 Nxd4 10. Bxd7+ Qxd7 11. Nxe5 f5 12. Qd3 Qd5 13. Bf4 O-O-O 14. O-O
Bd6 15. Rfe1 g5 16. Bxg5 Bxe5 17. Bxd8 Rxd8 18. Rad1 Qd6 19. c3 Bxh2+ 20. Kh1
Qh6 21. Qh3 Qxh3 22. gxh3 Nf3 23. Rxd8+ Kxd8 24. Re3 Nd2 25. Rd3+ Ke7 26. Rxd2
Bd6 27. Kg2 Ke6 28. Re2+ Kf6 29. Re8 b6 30. Ra8 a5 31. b4 axb4 32. axb4 Ke6 33.
Re8+ Kd5 34. Re3 Kc4 35. Rf3 f4 36. h4 Be5 37. h5 h6 38. Kh3 b5 39. Kg4 Bxc3 40.
Rxf4+ Kb3 41. Rf7 Kxb4 42. Rxc7 Bd2 43. f4 Kb3 44. Rc6 b4 45. Rxh6 Ka2 46. Ra6+
Kb2 47. h6 b3 48. h7 Bc3 49. Ra8 Kc2 50. h8=Q Bxh8 51. Rxh8 b2 52. Rb8 b1=Q 53.
Rxb1 Kxb1 54. f5 Kc2 55. f6 Kd3 56. f7 Ke4 57. f8=Q Ke5 58. Qf3 Ke6 59. Kg5 Kd7
60. Qe4 Kc7 61. Kf6 Kc8 62. Qd4 Kc7 63. Qd5 Kb6 64. Ke6 Ka6 65. Qb3 Ka7 66. Kd6
Ka8 67. Kc7 Ka7 68. Qa4# 1-0

[Event "Titled Tue 10th Jun Late"]
[Site "chess.com INT"]
[Date "2025.06.10"]
[Round "2"]
[White "Vazelakis, Dimitrios"]
[Black "Sabatier, Mathis"]
[Result "1/2-1/2"]
[BlackTitle "CM"]
[WhiteElo "1857"]
[BlackElo "2235"]
[WhiteFideId "4203674"]
[BlackFideId "26029685"]
[EventDate "2025.06.10"]

1. d4 d5 2. Nc3 Nf6 3. Bf4 a6 4. e3 e6 5. Bd3 c5 6. dxc5 Bxc5 7. Nf3 Nc6 8. O-O
Bd6 9. Bxd6 Qxd6 10. e4 d4 11. Ne2 e5 12. h3 O-O 13. a3 b5 14. Ng3 g6 15. Qd2
Kg7 16. Nh2 h5 17. f4 h4 18. Ne2 Nh5 19. f5 Rg8 20. Ng4 gxf5 21. exf5 Kf8 22. f6
Bxg4 23. Qh6+ Ke8 24. hxg4 Ng3 25. Nxg3 hxg3 26. Qh3 Kd8 27. Qxg3 Kc7 28. Rad1
Rg5 29. Be4 Rag8 30. Bf3 e4 31. Qxd6+ Kxd6 32. Bxe4 Rxg4 33. Bf3 Rg3 34. c3 Ne5
35. Rxd4+ Kc7 36. Rf4 Nxf3+ 37. R4xf3 Rxg2+ 38. Kh1 Rxb2 39. Re3 Rgg2 40. Re7+
Kc6 41. Rd1 Rh2+ 42. Kg1 Rbg2+ 43. Kf1 Ra2 44. Kg1 Rhg2+ 45. Kf1 Rgf2+ 46. Kg1
Rxf6 47. c4 bxc4 48. Rc1 Kb5 49. Rb7+ Kc6 50. Ra7 Rf4 51. Rxa6+ Kb5 52. Ra7 f5
53. Rb7+ Kc6 54. Rb8 Kd5 55. Rd8+ Ke5 56. Rc8 Rxa3 57. R8xc4 Rxc4 58. Rxc4 f4
59. Kf2 Kf5 60. Rc8 Kg4 61. Rg8+ Kf5 62. Rf8+ Kg4 63. Rg8+ Kf5 64. Rf8+ Kg4 65.
Rg8+ 1/2-1/2

[Event "Titled Tue 10th Jun Late"]
[Site "chess.com INT"]
[Date "2025.06.10"]
[Round "2"]
[White "Niemann, Hans Moke"]
[Black "Shuvalova, Polina"]
[Result "1-0"]
[WhiteTitle "GM"]
[BlackTitle "IM"]
[WhiteElo "2736"]
[BlackElo "2480"]
[WhiteFideId "2093596"]
[BlackFideId "24171760"]
[EventDate "2025.06.10"]

1. e4 c6 2. Nf3 d5 3. d3 Nd7 4. e5 Nb6 5. d4 Bg4 6. h3 Bxf3 7. Qxf3 e6 8. a4 a6
9. Bd3 c5 10. dxc5 Bxc5 11. Qg3 Ne7 12. Nc3 Nd7 13. O-O Qc7 14. Re1 Ng6 15. Kh1
Be7 16. Nxd5 exd5 17. e6 Qxg3 18. exd7+ Kxd7 19. fxg3 Bd6 20. g4 Rhe8 21. Bd2
Ne5 22. Bf1 Nc4 23. Bc3 f6 24. Bd3 Be5 25. Bxh7 Bxc3 26. bxc3 Kd6 27. Kh2 Rac8
28. Reb1 Re7 29. Bd3 Nd2 30. Rb6+ Rc6 31. Rxc6+ Kxc6 32. h4 Re3 33. a5 Ne4 34.
c4 dxc4 35. Bxc4 Nf2 36. g5 fxg5 37. hxg5 Ng4+ 38. Kg1 Rc3 39. Bd3 Ne5 40. Be4+
Kc7 41. Rb1 Nc6 42. Rf1 Ne5 43. Rf5 Kd6 44. g6 Rc7 45. Rf8 Re7 46. Rd8+ Kc7 47.
Rd4 Ng4 48. Kf1 Ne3+ 49. Kf2 Ng4+ 50. Kf3 Ne5+ 51. Kf4 Nc6 52. Rd5 Nb4 53. Rc5+
Kd6 54. Rf5 Nc6 55. c3 Nd8 56. Rd5+ Kc7 57. Bf5 Nc6 58. g4 Kb8 59. g5 Kc7 60.
Bg4 Re8 61. Rd7+ Kb8 62. Rxg7 Rf8+ 63. Rf7 Re8 64. g7 Ka7 65. Rf8 1-0

[Event "Titled Tue 10th Jun Late"]
[Site "chess.com INT"]
[Date "2025.06.10"]
[Round "2"]
[White "Izafatava, Kira"]
[Black "Zhukovskyi, Oleksandr"]
[Result "0-1"]
[BlackTitle "CM"]
[WhiteElo "2036"]
[BlackElo "2145"]
[WhiteFideId "13521705"]
[BlackFideId "14169371"]
[EventDate "2025.06.10"]

1. e4 Nf6 2. e5 Nd5 3. c4 Nb6 4. d4 d6 5. exd6 exd6 6. Nf3 Be7 7. Bd3 O-O 8. O-O
c6 9. b3 Bg4 10. h3 Bh5 11. Bb2 Na6 12. Nbd2 d5 13. c5 Nd7 14. Qc2 Bg6 15. a3
Bxd3 16. Qxd3 Nc7 17. Rfe1 Bf6 18. Ne5 Ne6 19. Ndf3 Re8 20. Ng4 Ndxc5 21. dxc5
Bxb2 22. Ra2 Bf6 23. Rae2 Rf8 24. b4 Nf4 25. Qf5 Nxe2+ 26. Rxe2 Ba1 27. Ng5 g6
28. Qf4 Bg7 29. h4 h5 30. Nh2 Qf6 31. Qe3 d4 32. Qd3 Rfe8 33. Nhf3 Rxe2 34. Qxe2
Rd8 35. Ne4 Qf4 36. Nd6 Qf6 37. Qd3 Qe6 38. Kh2 Be5+ 39. Nxe5 Qxe5+ 40. Kg1 b6
41. Qc4 Qd5 42. Qd3 bxc5 43. bxc5 Qxc5 44. Ne4 Qc1+ 45. Kh2 Qf4+ 46. g3 Qf5 47.
Qe2 d3 48. Qe3 Qe5 49. Qf3 Kg7 50. Ng5 Qf6 51. Qd1 Qxf2+ 52. Kh3 Qf5+ 53. Kh2 d2
54. Qe2 d1=Q 55. Qb2+ Qd4 56. Qxd4+ Rxd4 0-1

[Event "Titled Tue 10th Jun Late"]
[Site "chess.com INT"]
[Date "2025.06.10"]
[Round "2"]
[White "Saez Coma, Alejandro"]
[Black "Sheehan, Ethan"]
[Result "1/2-1/2"]
[WhiteTitle "CM"]
[WhiteElo "2167"]
[BlackElo "2364"]
[WhiteFideId "32004818"]
[BlackFideId "30943965"]
[EventDate "2025.06.10"]

1. d4 d5 2. Nf3 Nf6 3. Bf4 c5 4. e3 Nc6 5. c3 cxd4 6. exd4 Bg4 7. Nbd2 e6 8. Be2
Bd6 9. Ne5 Bxe2 10. Qxe2 Qc7 11. O-O O-O 12. Rfe1 Rab8 13. h3 b5 14. a3 Na5 15.
Rac1 Nc4 16. Ndxc4 bxc4 17. Rc2 Rb3 18. f3 Rfb8 19. Rd1 Nd7 20. Nxd7 Qxd7 21.
Bxd6 Qxd6 22. Rdd2 f6 23. Qe3 R3b7 24. f4 Re8 25. Re2 Rbe7 26. Qg3 g5 27. Rf2
Kh8 28. Kh2 gxf4 29. Qxf4 Qxf4+ 30. Rxf4 Kg7 31. Rcf2 Rf7 32. g4 h6 33. h4 Kg6
34. Kg3 e5 35. dxe5 Rxe5 36. Rf5 Rxf5 37. Rxf5 Rd7 38. Kf3 d4 39. cxd4 Rxd4 40.
Rc5 Rd2 41. Rxc4 Rxb2 42. Ra4 Rb3+ 43. Kf4 Rb7 44. h5+ Kf7 45. Ra5 Re7 46. Kf5
Kg7 47. a4 Kf7 48. Rb5 a6 49. Ra5 Re6 50. Rc5 Re7 51. a5 Rd7 52. Kf4 Rd4+ 53.
Kf5 Rd7 54. Ke4 Re7+ 55. Kd4 Rd7+ 56. Rd5 Rb7 57. Rd6 Rb4+ 58. Kd5 Rxg4 59. Rxa6
Rg5+ 60. Kd6 Rxh5 61. Ra7+ Kg6 62. a6 Ra5 63. Ra8 h5 64. a7 Kf5 65. Kc6 h4 66.
Kb6 Ra1 67. Rh8 Kg4 68. a8=Q Rxa8 69. Rxa8 h3 70. Rg8+ Kf3 71. Rh8 Kg2 72. Kc5
f5 73. Kd4 h2 74. Ke5 h1=Q 75. Rxh1 Kxh1 76. Kxf5 1/2-1/2

[Event "Titled Tue 10th Jun Late"]
[Site "chess.com INT"]
[Date "2025.06.10"]
[Round "2"]
[White "Dominguez Exposito, Ibon"]
[Black "Drygalov, Sergey"]
[Result "0-1"]
[WhiteTitle "CM"]
[BlackTitle "GM"]
[WhiteElo "2201"]
[BlackElo "2560"]
[WhiteFideId "54589452"]
[BlackFideId "24171743"]
[EventDate "2025.06.10"]

1. e4 c5 2. d4 cxd4 3. Qxd4 Nc6 4. Qd3 Nf6 5. Nc3 d6 6. Nf3 g6 7. Be2 Bg7 8. O-O
O-O 9. Nd5 Bg4 10. c3 Nd7 11. Rd1 Re8 12. Bg5 Rc8 13. a4 h6 14. Bh4 g5 15. Bg3
Nc5 16. Qc2 e6 17. Bxd6 exd5 18. Bxc5 Rxe4 19. h3 Bh5 20. g4 Bg6 21. Bd3 Qf6 22.
Nd2 Ne5 23. Bxe4 dxe4 24. Nxe4 Qf4 25. Be3 Qxe4 26. Qxe4 Bxe4 27. Bxa7 Bc6 28.
Bd4 Nf3+ 29. Kf1 Nxd4 30. cxd4 Rd8 31. Rd2 Kf8 32. b4 Rxd4 33. Rxd4 Bxd4 34. Rd1
Bc3 35. b5 Be4 36. Rd6 Ba5 37. Rxh6 Bc2 38. Rd6 Bxa4 39. Rd5 f6 40. f3 Bb3 41.
Rc5 Ke7 42. Kg2 Bb6 43. Rc3 Bd5 44. Kg3 Kd7 45. h4 Bc7+ 46. Kh3 gxh4 47. Kxh4
Be5 48. Rc1 Bxf3 49. g5 Bf4 50. Rc3 fxg5+ 51. Kh3 g4+ 52. Kh4 Kd6 53. Rc4 Be5
54. b6 Kd5 55. Rc1 Bd4 56. Rb1 Kc6 57. Rc1+ Kxb6 58. Rb1+ Kc5 59. Kg3 b5 60.
Rc1+ Kd5 61. Rb1 Kc4 62. Rc1+ Bc3 63. Rb1 b4 64. Rc1 b3 65. Rb1 b2 66. Rc1 Kb3 0-1

[Event "Titled Tue 10th Jun Late"]
[Site "chess.com INT"]
[Date "2025.06.10"]
[Round "2"]
[White "Saydaliev, Saidakbar"]
[Black "Huston, Gus"]
[Result "1-0"]
[WhiteTitle "IM"]
[BlackTitle "IM"]
[WhiteElo "2450"]
[BlackElo "2315"]
[WhiteFideId "14203693"]
[BlackFideId "30909090"]
[EventDate "2025.06.10"]

1. Nf3 d5 2. g3 Bg4 3. Bg2 c6 4. O-O Nf6 5. h3 Bxf3 6. Bxf3 Nbd7 7. d3 e6 8. e4
Bd6 9. Nc3 Qc7 10. a4 a5 11. Bg2 h5 12. Be3 h4 13. g4 Bh2+ 14. Kh1 Bf4 15. Qf3
g5 16. exd5 Nxd5 17. Nxd5 cxd5 18. c4 Ne5 19. Qe2 dxc4 20. Bxf4 gxf4 21. dxc4
O-O 22. Rfe1 Ng6 23. Be4 Ne7 24. g5 Kg7 25. b3 Rad8 26. Qb2+ e5 27. Rad1 b6 28.
Kh2 Kg8 29. Qe2 Qc5 30. Kg2 Kg7 31. Qg4 Rh8 32. Rxd8 Rxd8 33. Qxh4 Rh8 34. Qg4
Qd4 35. Qf3 Ng6 36. Bxg6 Kxg6 37. Rd1 e4 38. Rxd4 exf3+ 39. Kxf3 Rxh3+ 40. Kxf4
Rxb3 41. Rd6+ Kg7 42. Kf5 Rb4 43. f4 Rxa4 44. Rxb6 Rxc4 45. Rb7 a4 46. Ra7 Rc5+
47. Kg4 Rc4 48. Kg3 Rc3+ 49. Kh4 Rc4 50. Kg4 Kg6 51. Ra6+ Kg7 52. Ra5 Kg6 53.
Ra6+ Kg7 54. Kf5 Rc5+ 55. Ke4 Rc4+ 56. Ke5 Rb4 57. f5 Rb5+ 58. Kf4 Rb4+ 59. Kf3
Rb3+ 60. Kg4 a3 61. Ra8 Rc3 62. Kh5 Rh3+ 63. Kg4 Rb3 64. Ra7 Rb4+ 65. Kh5 Rb5
66. f6+ Kh7 67. Rxf7+ Kg8 68. Ra7 Kf8 69. Kg6 1-0

[Event "Titled Tue 10th Jun Late"]
[Site "chess.com INT"]
[Date "2025.06.10"]
[Round "2"]
[White "Mizzi, Jack"]
[Black "Adewumi, Tanitoluwa"]
[Result "0-1"]
[WhiteTitle "CM"]
[BlackTitle "FM"]
[WhiteElo "2107"]
[BlackElo "2362"]
[WhiteFideId "5602521"]
[BlackFideId "30966396"]
[EventDate "2025.06.10"]

1. d4 Nf6 2. c4 g6 3. Nf3 Bg7 4. g3 O-O 5. Bg2 d6 6. O-O Nc6 7. Nc3 Bd7 8. e4 e5
9. dxe5 dxe5 10. Bg5 h6 11. Be3 Ng4 12. Bc5 Re8 13. h3 b6 14. Ba3 Nf6 15. Qd2
Nd4 16. Nxe5 c5 17. Nxd7 Qxd7 18. Rad1 Rad8 19. Qc1 Qe6 20. b3 Qc8 21. Rfe1 h5
22. Bb2 h4 23. g4 Nxg4 24. Nd5 Ne5 25. Bxd4 cxd4 26. f4 Nd7 27. e5 Nc5 28. Rxd4
Ne6 29. Rd3 Qc5+ 30. Qe3 Kf8 31. Qxc5+ Nxc5 32. Rdd1 Bh6 33. Kf2 Ne6 34. Kf3 Kg7
35. Bh1 Rc8 36. Rg1 Kh8 37. Nf6 Red8 38. Nd5 b5 39. Rc1 bxc4 40. Rxc4 Rb8 41.
Rgc1 Rxd5 42. Kg4 Bxf4 43. Bxd5 Bxc1 44. Rxc1 Nd4 45. Kxh4 Kg7 46. Rc7 Nf5+ 47.
Kg5 Rf8 48. e6 Ne3 49. Rxf7+ Rxf7 50. exf7 Nxd5 51. f8=Q+ Kxf8 52. Kxg6 Nb4 53.
a3 Nc2 54. h4 Nxa3 55. h5 Nc2 56. h6 Kg8 57. Kf6 Nd4 58. Ke5 Nxb3 59. Kd5 Na5
60. Kc5 Nb7+ 61. Kb5 a5 62. Ka4 Kh7 63. Kb5 Kxh6 64. Kb6 a4 0-1